000 00695nas a2200241 4500
001 BR8202998
003 BR-BrBNA
005 20231205085158.0
007 ta
008 230509b bl.|||p| |||| 00| 00por d
040 _aBR-BrBNA
_bpor
_cBiblioteca Nacional de Agricultura
041 _a(Pt)
072 _aH20
100 1 _aYuki, V.A.
245 1 _aAfideos vetores de virus da batata [controle biologico, Solanum tuberosum]
650 _aBATATA
650 _aVIRUS
650 _aCONTROLE BIOLOGICO
650 _aAFIDIO
773 0 _tCorreio Agricola (Brazil)
_xISSN 0100-3909
_g(1982), (no. 3) p. 460-463
_wBR8202998
909 _a202311
_bLúcia
_c55
_dLúcia Elande
942 _2AGRIS
_n0
_cANA
999 _c109775
_d109775